00425nam a2200121Ia 4500008004100000024004800041082002100089100004900110245005300159260002600212600003200238650003300270260210s9999 xx 000 0 und d a16B-195-EL, 16B-192-EL & 16B-240-EL a629.89205072 KHI aKhizar Alam, Ibrahim Ahmed & Jaffar Shah 0aWireless Humanoid Bionic Arm on Robotics Vehicle aKarachi:bUITU,c2016 aComputer System Engineering aBachelor of Engineering (BE)